Heat transfer (Record no. 3641)

000 -LEADER
fixed length control field 00564nam a2200229 a 4500
001 - CONTROL NUMBER
control field 3641
003 - CONTROL NUMBER IDENTIFIER
control field BD-DhUET
008 - FIXED-LENGTH DATA ELEMENTS--GENERAL INFORMATION
fixed length control field 960506s1997 nyua b 001 0 eng
020 ## - INTERNATIONAL STANDARD BOOK NUMBER
International Standard Book Number 0071143203
020 ## - INTERNATIONAL STANDARD BOOK NUMBER
International Standard Book Number 0078447852
040 ## - CATALOGING SOURCE
Original cataloging agency DLC
Transcribing agency DLC
Modifying agency BD-DhUET
082 00 - DEWEY DECIMAL CLASSIFICATION NUMBER
Classification number 621.011
Item number HOL/1997
100 1# - MAIN ENTRY--PERSONAL NAME
Personal name Holman, J. P.
245 10 - TITLE STATEMENT
Title Heat transfer
250 ## - EDITION STATEMENT
Edition statement 8th ed.
260 ## - PUBLICATION, DISTRIBUTION, ETC. (IMPRINT)
Place of publication, distribution, etc. New York
Name of publisher, distributor, etc. McGraw-Hill
Date of publication, distribution, etc. 1997
300 ## - PHYSICAL DESCRIPTION
Extent xviii, 696 p.
Other physical details ill.
490 ## - SERIES STATEMENT
Series statement Schaum's outline series
504 ## - BIBLIOGRAPHY, ETC. NOTE
Bibliography, etc Includes bibliographies
650 #0 - SUBJECT ADDED ENTRY--TOPICAL TERM
Topical term or geographic name as entry element Heat transfer
942 ## - ADDED ENTRY ELEMENTS (KOHA)
Koha item type General Book
Holdings
Sublocation or collection (holding branch) Koha item type Koha normalized classification for sorting Koha issues (times borrowed) Date acquired Damaged status Lost status Koha full call number Withdrawn status Shelving location Not for loan Source of classification or shelving scheme Piece designation (barcode) Koha date last seen Location (home branch) Koha date last borrowed Koha out on loan Price effective from Copy number
Central Library, BUETGeneral Book621_011000000000000_HOL_199732014-11-03  621.011/HOL/1997 Circulation section  924502025-04-27Central Library, BUET2025-04-272025-05-112014-11-031
Central Library, BUETGeneral Book621_011000000000000_HOL_1997 2014-11-03  621.011/HOL/1997 Circulation section  924522014-11-03Central Library, BUET  2014-11-032
Central Library, BUETGeneral Book621_000000000000000_011HOL1997 2014-11-03  621.011/HOL/1997 Circulation section  924532016-07-30Central Library, BUET  2014-11-033
Central Library, BUETGeneral Book621_000000000000000_011HOL199712014-11-03  621.011/HOL/1997 Circulation section  924542022-06-08Central Library, BUET2022-01-09 2014-11-034
Central Library, BUETGeneral Book621_000000000000000_011HOL199722014-11-03  621.011/HOL/1997 Circulation section  924552024-10-28Central Library, BUET2024-10-02 2014-11-035
Central Library, BUETGeneral Book621_000000000000000_011HOL199732014-11-03  621.011/HOL/1997 Circulation section  924572024-08-31Central Library, BUET2023-12-10 2014-11-036
Central Library, BUETGeneral Book621_000000000000000_011HOL1997 2014-11-03  621.011/HOL/1997 Circulation section  924592014-11-03Central Library, BUET  2014-11-037
Central Library, BUETGeneral Book621_011000000000000_HOL_199712014-11-03  621.011/HOL/1997 Circulation section  924602024-08-28Central Library, BUET2024-03-12 2014-11-038
Central Library, BUETGeneral Book621_000000000000000_011HOL199712014-11-03  621.011/HOL/1997 Circulation section  924612024-06-22Central Library, BUET2024-04-08 2014-11-039
Central Library, BUETGeneral Book621_000000000000000_011HOL199752014-11-03  621.011/HOL/1997 Circulation section  924622025-03-12Central Library, BUET2024-12-10 2014-11-0310
Central Library, BUETGeneral Book621_000000000000000_011HOL199712014-11-03  621.011/HOL/1997 Circulation section  924642017-05-03Central Library, BUET2015-03-04 2014-11-0311
Central Library, BUETGeneral Book621_000000000000000_011HOL199732014-11-03  621.011/HOL/1997 Circulation section  924652019-07-10Central Library, BUET2019-06-17 2014-11-0312
Central Library, BUETGeneral Book621_000000000000000_011HOL199732014-11-03  621.011/HOL/1997 Circulation section  924662022-06-08Central Library, BUET2022-05-24 2014-11-0313
Central Library, BUETGeneral Book621_011000000000000_HOL_1997 2015-04-12  621.011 HOL/1997 Circulation section  924682015-04-12Central Library, BUET  2015-04-1214
Central Library, BUETReading Item621_011000000000000_HOL_1997 2015-07-02  621.011/HOL/1997 Reading section  924472015-07-02Central Library, BUET  2015-07-0215
Central Library, BUETReading Item621_011000000000000_HOL_1997 2015-07-09  621.011/HOL/1997 Reading section  924462015-07-09Central Library, BUET  2015-07-0916